|
|
|
|
| LEADER |
01146nam a22002657a 4500 |
| 001 |
34844 |
| 003 |
BD-DhAAL |
| 005 |
20250806132017.0 |
| 008 |
190723r20181993bg ||||| |||| 00| 1 ben d |
| 020 |
|
|
|a 9789848795897
|
| 040 |
|
|
|a BD-DhAAL
|d BD-DhAAL
|
| 041 |
|
|
|a ben
|
| 082 |
|
|
|a 891.44371
|2 23
|
| 100 |
|
|
|a ইকবাল, মুহম্মদ জাফর.
|9 33023
|
| 245 |
|
|
|a বিবর্ণ তুষার /
|c মুহম্মদ জাফর ইকবাল.
|
| 246 |
|
|
|a Biborna tushar
|
| 260 |
|
|
|a ঢাকা :
|b প্রতীক প্রকাশনা সংস্থা,
|c ১৯৯৩ [নবম মুদ্রণ ২০১৮].
|
| 300 |
|
|
|a ৮৬ পৃষ্ঠা ;
|c ২২ সে.মি.
|
| 526 |
|
|
|a Residential Campus
|
| 541 |
|
|
|a Development Book Agency
|e 34844
|
| 650 |
|
|
|a Bengali fiction
|z Bangladesh.
|9 33025
|
| 852 |
|
|
|a Savar Campus Library
|c General Stacks
|
| 942 |
|
|
|2 ddc
|c BK
|
| 999 |
|
|
|c 40927
|d 40927
|
| 952 |
|
|
|0 0
|1 0
|2 ddc
|4 0
|6 891_443710000000000_IQB
|7 0
|9 65691
|a SCL
|b SCL
|c GEN
|d 2019-07-17
|e Development Book Agency
|g 132.00
|l 8
|m 13
|o 891.44371 IQB
|p 3020034844
|r 2026-02-08
|s 2024-03-18
|t 1
|v 132.00
|w 2019-07-17
|y BK
|